UBT Library

Rosens emergency medicine: (Record no. 1870)

000 -LEADER
fixed length control field 00294nam a22001097a 4500
008 - FIXED-LENGTH DATA ELEMENTS--GENERAL INFORMATION
fixed length control field 160506b xxu||||| |||| 00| 0 eng d
020 ## - INTERNATIONAL STANDARD BOOK NUMBER
International Standard Book Number 9780323054720
041 ## - LANGUAGE CODE
Language code of text/sound track or separate title eng
080 ## - UNIVERSAL DECIMAL CLASSIFICATION NUMBER
Universal Decimal Classification number 61
245 ## - TITLE STATEMENT
Title Rosens emergency medicine:
Statement of responsibility, etc John A. Marx; Robert S. Hockberger; Ron M. Wallls;
942 ## - ADDED ENTRY ELEMENTS (KOHA)
Source of classification or shelving scheme
Item type Books
Holdings
Withdrawn status Lost status Source of classification or shelving scheme Damaged status Not for loan Collection code Permanent location Current location Shelving location Date acquired Total Checkouts Full call number Barcode Date last seen Price effective from Koha item type
          Koleksioni i përgjithshem UBT - Lipjan UBT - Lipjan Koleksioni i përgjithshem 05/06/2016   61 MAR 002-028269 05/06/2016 05/06/2016 Books
          Koleksioni i përgjithshem UBT - Lipjan UBT - Lipjan   12/19/2022   61ROS 002-8000287002601186 12/19/2022 12/19/2022 Books
UBT Library © 2015-2024. All rights reserved University Education for Business and Technology